Introducción a la gestión e infraestructura de un centro cultural comunal: guía de consulta

Uloženo v:
Podrobná bibliografie
Korporativní autor: Consejo Nacional de la Cultura y las Artes (Autor)
Médium: Kniha
Jazyk:španělština
Vydáno: Valparaíso Consejo Nacional de la Cultura y las Artes 2009
Témata:
Tagy: Přidat tag
Žádné tagy, Buďte první, kdo vytvoří štítek k tomuto záznamu!

MARC

LEADER 00000nam a2200000 a 4500
001 UCH9746
003 CL-VaPUC
008 100121e20090000CL |||||||||||||||||spa|d
020 |a 9789568327514 
082 0 4 |a 306  |b CON  |2 21 
110 2 |a Consejo Nacional de la Cultura y las Artes  |e author  |9 547008 
245 1 0 |a Introducción a la gestión e infraestructura de un centro cultural comunal: guía de consulta 
300 |a 64 p 
942 |c BK 
945 |d 20100121 00:00:00  |a rbrito 
260 |a Valparaíso  |b Consejo Nacional de la Cultura y las Artes  |c 2009 
500 |a Incluye CD 
650 0 |a Centros culturales  |9 373824 
650 0 |a Patrimonio cultural  |9 309364 
650 0 |a Desarrollo cultural  |9 267526 
650 0 |a Gestión cultural  |9 521696 
650 7 |a CENTRO DE DESARROLLO CULTURAL  |2 CL-VaPUC  |9 547009 
583 |a last modification  |c 20100121 00:00:00  |k Rodrigo Vera 
999 |c 339637  |d 339635 
952 |0 0  |1 0  |4 0  |6 306_000000000000000_CON_2009  |7 0  |8 A  |9 433402  |a BIBARQ  |b BIBARQ  |d 2019-11-22  |i 4637100  |o 306 CON 2009  |p 4637100  |r 2025-01-20  |w 2019-11-22  |y BK  |k ARQ 
952 |0 0  |1 0  |4 0  |6 306_000000000000000_CON_2009  |7 0  |8 A  |9 433403  |a BIBCUR  |b BIBCUR  |d 2019-11-22  |i 4657802  |o 306 CON 2009  |p 4657802  |r 2025-04-22  |w 2019-11-22  |y BK  |k PER